000 00310nam a22001337a 4500
008 170607b xxu||||| |||| 00| 0 eng d
020 _a0813117534
041 _aeng
080 _a329
100 _a18
101 _aSHP
245 _aPOLITICAL PARTIES AND PRIMARIES IN KENTUCKY
_cMILLER,P.M
942 _2udc
_cBK
999 _c16210
_d16210